000 00476nam a2200169Ia 4500
003 LK-CoDNM
008 010623t2012 xxu||||| |||| 00| 1 sin d
040 _aLK-CoDNM
_dLK-CoDNM
_eLK-CoDNM
041 _asin
080 _a37
_bSEN
100 _aSenadeera,Silvi
245 _aඉගෙනුම් කාර්යක්ෂමතා වර්ධනය
246 _aIgenum Karyakshamatha Wardhanaya
260 _bGodage
_aColombo
_c2012
300 _b344, 21 cm
942 _cBK
999 _c132181
_d132181